000
00313nam a2200133Ia 4500
008
151001s9999||||xx |||||||||||||| ||und||
100
_a
दुर्गा - भागवत
245
_a
पुवा
250
_a
2
260
_b
डिंपल
260
_c
1995
300
_a
139
365
_b
21
999
_c
971562
_d
971559